[Event "Chigorin Memorial Open"]
[Site "St Petersburg RUS"]
[Date "2011.10.21"]
[Round "8.80"]
[White "Goikhman, Valentin"]
[Black "Minina, Veronika"]
[Result "1-0"]
[WhiteElo "2261"]
[BlackElo "2120"]
[WhiteFideId "2806800"]
[BlackFideId "4174780"]
[EventDate "2011.10.14"]

1. e4 c5 2. Nf3 Nc6 3. d4 cxd4 4. Nxd4 g6 5. Nc3 Bg7 6. Be3 Nf6 7. Nxc6 bxc6 8.
e5 Ng8 9. Bd4 f6 10. Qe2 fxe5 11. Bxe5 Nf6 12. Bd6 Ba6 13. Qxe7+ Qxe7+ 14. Bxe7
Bxf1 15. Bxf6 Bxf6 16. Rxf1 Rb8 17. O-O-O Bxc3 18. bxc3 Rf8 19. Rd4 Rf5 20. f4
Ra5 21. a4 Rb6 22. Re1+ Kd8 23. Re3 c5 24. Rde4 Rba6 25. Re8+ Kc7 26. R8e7 Rxa4
27. g3 Ra1+ 28. Kd2 Rd6+ 29. Rd3 Rxd3+ 30. Kxd3 h5 31. Re5 Kc6 32. Kc4 Ra4+ 33.
Kb3 Ra6 34. Rg5 d6 35. Rxg6 Rb6+ 36. Kc4 a5 37. Rg7 d5+ 38. Kd3 Kb5 39. c4+
dxc4+ 40. Kc3 a4 41. Rh7 Ra6 42. Rb7+ Kc6 43. Rb1 a3 44. Kxc4 a2 45. Ra1 Ra3 46.
c3 Kd6 47. h3 Ke6 48. g4 h4 49. f5+ Ke5 50. Kd3 Kf6 51. Ke4 Rxc3 52. Rxa2 Rxh3
53. Ra6+ Kf7 54. g5 Rb3 55. g6+ Kg8 56. Ra8+ Kg7 57. Ra7+ Kg8 58. f6 Rb8 59.
Rg7+ Kf8 60. Rh7 1-0

[Event "Chigorin Memorial Open"]
[Site "St Petersburg RUS"]
[Date "2011.10.21"]
[Round "8.81"]
[White "Korchagina, Viktoria"]
[Black "Harshkou, Mikita"]
[Result "0-1"]
[WhiteTitle "WFM"]
[WhiteElo "2109"]
[BlackElo "2248"]
[WhiteFideId "4197224"]
[BlackFideId "13504770"]
[EventDate "2011.10.14"]

1. e4 e6 2. d4 d5 3. Nc3 Nf6 4. Bg5 dxe4 5. Nxe4 Be7 6. Bxf6 gxf6 7. c3 f5 8.
Ng3 c5 9. Nf3 O-O 10. Qd2 cxd4 11. Qh6 Kh8 12. Rd1 Nc6 13. Bb5 Rg8 14. Bxc6 bxc6
15. Ne5 Qe8 16. Rxd4 Bg5 17. Qh5 Rg7 18. O-O Bf6 19. Qe2 Ba6 20. c4 c5 21. Rd6
Bb7 22. f3 Be4 23. Nh5 Bxe5 24. Nxg7 Kxg7 25. Rdd1 Bd4+ 26. Rxd4 cxd4 27. fxe4
Rd8 28. exf5 exf5 29. Qxe8 Rxe8 30. Kf2 d3 31. Re1 Re4 32. b3 a5 33. a4 Kf6 34.
Rd1 Re2+ 35. Kf3 Rb2 36. Rxd3 Ke6 37. h4 f4 38. g3 fxg3 39. Kxg3 f5 40. Rc3 Kd6
41. Kf4 Rh2 42. Kg5 Rf2 43. Rd3+ Ke5 44. Rd5+ Ke4 45. Rxa5 f4 46. Ra8 Rg2+ 47.
Kh5 f3 48. a5 Ra2 49. b4 f2 50. Rf8 Ke3 51. c5 Rb2 52. Re8+ Kd2 53. Rf8 Ke2 54.
a6 Rxb4 55. c6 Rb8 56. Rxf2+ Kxf2 57. Kg5 Kf3 58. a7 Ra8 59. c7 Ke4 60. Kf6 Kd5
61. h5 Kd6 62. h6 Rc8 63. a8=Q Rxa8 64. Kg7 Ke7 65. Kxh7 Kf8 66. Kh8 Rc8 67. Kh7
Rxc7+ 68. Kh8 Kf7 69. Kh7 Rc6 0-1

[Event "Chigorin Memorial Open"]
[Site "St Petersburg RUS"]
[Date "2011.10.21"]
[Round "8.82"]
[White "Nedostup, Daniil"]
[Black "Valov, Ilya"]
[Result "1/2-1/2"]
[BlackTitle "FM"]
[WhiteElo "2075"]
[BlackElo "2234"]
[WhiteFideId "24121576"]
[BlackFideId "4199251"]
[EventDate "2011.10.14"]

1. e4 c5 2. Nc3 Nc6 3. g3 g6 4. Bg2 Bg7 5. d3 d6 6. Be3 Nf6 7. h3 Rb8 8. Qd2 b5
9. f4 e5 10. f5 Nh5 11. Nce2 Nd4 12. c3 Nxe2 13. Nxe2 Bf6 14. O-O g5 15. Bf3 Ng7
16. d4 cxd4 17. cxd4 O-O 18. h4 h6 19. Kg2 d5 20. dxe5 dxe4 21. Bxe4 Qxd2 22.
Bxd2 Bxe5 23. hxg5 hxg5 24. Bxg5 Bxb2 25. Rab1 Re8 26. Rxb2 Rxe4 27. Bf4 Rb6 28.
g4 b4 29. Rd1 Ba6 30. Kf3 Re8 31. Nd4 Bb7+ 32. Kg3 Rc8 33. Re2 Ne8 34. g5 Ng7
35. Kg4 Rc3 36. Rde1 Rd3 37. Rd2 Rxd2 38. Bxd2 Rd6 39. Be3 Bc8 40. Rc1 Bd7 1/2-1/2

[Event "Chigorin Memorial Open"]
[Site "St Petersburg RUS"]
[Date "2011.10.21"]
[Round "8.83"]
[White "Bondarenko, Alexander"]
[Black "Zamyshlyaev, Anatoly"]
[Result "1/2-1/2"]
[WhiteTitle "FM"]
[WhiteElo "2224"]
[BlackElo "2067"]
[WhiteFideId "14126109"]
[BlackFideId "4199308"]
[EventDate "2011.10.14"]

1. d4 d5 2. c4 e6 3. Nc3 c5 4. Nf3 Nf6 5. e3 a6 6. Be2 dxc4 7. Bxc4 b5 8. Be2
Nbd7 9. O-O Bb7 10. b3 Be7 11. Bb2 O-O 12. a3 Rc8 13. Rc1 Qb6 14. dxc5 Nxc5 15.
b4 Nce4 16. Nxe4 Bxe4 17. Bd4 Qb7 18. Qb3 Nd5 19. Rfd1 Nb6 20. h3 Nc4 21. Ne1 e5
22. Ba1 Bd5 23. Bxc4 bxc4 24. Qc2 f6 25. Bc3 Rfd8 26. Qb2 Qc6 27. Rd2 Rb8 28. f3
Qb6 29. Nc2 Be6 30. Rcd1 Rxd2 31. Rxd2 a5 32. Kh1 Qc6 33. e4 Qa4 34. Bxe5 fxe5
35. Qxe5 Rb6 36. Qc7 c3 37. Rf2 Bb3 38. Qxe7 Re6 39. Qd8+ Re8 40. Qd3 Rc8 41. b5
Bxc2 42. Rxc2 Qxa3 43. e5 a4 44. Qd5+ Kh8 45. Qd7 Rg8 46. Qc6 Qb4 47. Qxc3 Qxb5
48. Rb2 Qd5 49. Rd2 Qb5 50. e6 Qf1+ 51. Kh2 Qe1 52. Qd4 Qxe6 53. Qxa4 Rf8 54.
Qd4 h6 55. Qd6 Qf7 56. Re2 Re8 57. Rxe8+ Qxe8 58. f4 Qf7 59. Qe5 Kh7 60. h4 h5
61. f5 Kh8 62. Qe6 Qf8 63. g3 Qd8 64. Kg2 Qd2+ 65. Kf3 Qd1+ 66. Qe2 Qd5+ 67. Qe4
Qd1+ 68. Kg2 Qd2+ 69. Kh3 Qd1 70. Qe8+ Kh7 71. Qg6+ Kh8 72. Qe8+ Kh7 73. Qe4 Kh8
74. Kg2 Qd2+ 75. Kf1 Qd1+ 76. Kf2 Qd2+ 77. Qe2 Qh6 78. Qe8+ Kh7 79. Kf3 Qc1 80.
Qxh5+ Kg8 81. Qe8+ Kh7 82. Qg6+ Kh8 83. Qe8+ Kh7 84. Qe4 Kh8 85. Kg4 Qd1+ 86.
Kh3 Qc1 87. Qf3 Qa1 88. g4 Qf6 89. g5 Qe5 90. h5 Qe7 91. f6 Qe6+ 92. Kg2 Qa2+
93. Kg3 Qe6 94. fxg7+ Kxg7 95. Qb7+ Kg8 96. Qb8+ Kg7 97. Qc7+ Kg8 98. Qd8+ Kg7
99. Qd4+ Kh7 100. Kf4 Qf7+ 101. Kg4 Qe6+ 102. Kf3 Qh3+ 103. Kf2 Qxh5 104. Qe4+
Qg6 105. Qe7+ Qg7 106. Qe4+ Qg6 107. Qf4 Qc2+ 108. Kg3 Qd3+ 109. Kh4 Qg6 110.
Qg4 Qf7 111. Qh5+ Qxh5+ 112. Kxh5 Kg7 113. g6 Kg8 114. Kg4 Kg7 115. Kf5 Kg8 116.
Kf6 Kf8 1/2-1/2

[Event "Chigorin Memorial Open"]
[Site "St Petersburg RUS"]
[Date "2011.10.21"]
[Round "8.84"]
[White "Vunder, Yakov"]
[Black "Ivanov, Sergei V."]
[Result "0-1"]
[WhiteElo "2221"]
[BlackElo "2055"]
[WhiteFideId "4161955"]
[BlackFideId "24170003"]
[EventDate "2011.10.14"]

1. d4 Nf6 2. Nf3 g6 3. c4 Bg7 4. Nc3 d6 5. e4 O-O 6. Be2 Nc6 7. d5 Ne5 8. Nxe5
dxe5 9. O-O Ne8 10. Be3 f5 11. f3 f4 12. Bf2 g5 13. h4 gxh4 14. Bxh4 Bf6 15.
Bxf6 Nxf6 16. Qe1 Rf7 17. Qh4 Rg7 18. Kf2 Qd6 19. Rh1 Qb6+ 20. Kf1 Qxb2 21. Qe1
Qb6 22. Rb1 Qd6 23. Nb5 Qd8 24. Qc3 Rg5 25. c5 a6 26. Qa5 b6 27. Qa3 Rb8 28. Nc3
Qf8 29. d6 exd6 30. cxb6 cxb6 31. Bxa6 Be6 32. Qb4 Rg7 33. Bc4 Qf7 34. Bxe6 Qxe6
35. Rh6 Qe7 36. Qc4+ Kh8 37. Qc6 Qd8 38. Nb5 Ng8 39. Rh5 Rg6 40. Rd1 Rc8 41. Qb7
Rg7 42. Qd5 Rc5 43. Qxd6 Qe8 0-1

[Event "Chigorin Memorial Open"]
[Site "St Petersburg RUS"]
[Date "2011.10.21"]
[Round "8.85"]
[White "Irinchinov, Vladimir"]
[Black "Shurunov, Arseny"]
[Result "0-1"]
[BlackTitle "FM"]
[WhiteElo "2050"]
[BlackElo "2219"]
[WhiteFideId "24116165"]
[BlackFideId "24111570"]
[EventDate "2011.10.14"]

1. e4 c5 2. Nf3 Nc6 3. Bb5 d6 4. O-O Bd7 5. a4 a6 6. Bc4 Nf6 7. Nc3 e6 8. d3 Be7
9. h3 O-O 10. Nh2 Na5 11. Ba2 b5 12. axb5 axb5 13. Bd2 Qb6 14. Ne2 b4 15. Bb1
Bc6 16. Be3 Qc7 17. f4 Nd7 18. Ra2 d5 19. c3 dxe4 20. dxe4 b3 21. Ra1 Rad8 22.
Qe1 Nc4 23. Bc1 Qb7 24. Ng3 Bh4 25. Nf3 Bxg3 26. Qxg3 f6 27. Re1 Nd6 28. Nd2 Ra8
29. Rxa8 Rxa8 30. c4 e5 31. f5 Rb8 32. Qd3 Qc7 33. Re3 Nb6 34. Qe2 Ba4 35. Rc3
Qf7 36. g4 Rd8 37. Bd3 Rc8 38. Nf1 Bc6 39. Ng3 Ra8 40. Be3 h6 41. Kh2 Ra2 42. h4
Nbxc4 43. Rxc4 Rxb2 44. Qxb2 Nxc4 45. Bxc4 Qxc4 46. Qc1 Qb5 47. Qb2 c4 48. Bd2
Qb6 49. Bc1 Qd4 50. Qb1 Qd1 51. Qa1 Qxg4 52. Qc3 Qxh4+ 53. Kg1 Kh7 54. Kf2 Bxe4
55. Qxc4 Qh2+ 56. Ke3 Qxg3+ 57. Kxe4 b2 58. Bxb2 Qg2+ 59. Ke3 Qxb2 60. Qg4 Qd4+
61. Qxd4 exd4+ 62. Kxd4 g6 63. fxg6+ Kxg6 64. Ke4 Kg5 0-1

[Event "Chigorin Memorial Open"]
[Site "St Petersburg RUS"]
[Date "2011.10.21"]
[Round "8.86"]
[White "Ershov, Valentin"]
[Black "Guzenko, Artem"]
[Result "0-1"]
[WhiteElo "2031"]
[BlackElo "2216"]
[WhiteFideId "24166430"]
[BlackFideId "24144460"]
[EventDate "2011.10.14"]

1. d4 Nf6 2. c4 g6 3. Nc3 Bg7 4. Nf3 d6 5. g3 O-O 6. Bg2 Nc6 7. O-O a6 8. d5 Na5
9. Nd2 c5 10. a4 Rb8 11. Qc2 e5 12. b3 h5 13. Bb2 h4 14. e4 hxg3 15. hxg3 Ng4
16. Rae1 f5 17. Nd1 b5 18. axb5 axb5 19. exf5 Bxf5 20. Be4 Qg5 21. Kg2 Bh6 22.
Nf3 Qf6 23. Nh4 Bg5 24. Nf3 Bxe4 25. Qxe4 Qxf3+ 26. Qxf3 Rxf3 27. Kxf3 Nh2+ 28.
Kg2 Nxf1 29. Kxf1 bxc4 30. bxc4 Nxc4 31. Re2 Bd2 32. Bc3 Rb1 33. Bxd2 Rxd1+ 34.
Be1 Rxd5 35. Rc2 Na3 36. Ra2 Rd3 37. Ke2 Rb3 38. Bd2 Kf7 39. Bc1 Nb5 0-1

[Event "Chigorin Memorial Open"]
[Site "St Petersburg RUS"]
[Date "2011.10.21"]
[Round "8.87"]
[White "Vorobjev, Dmitry"]
[Black "Saveliev, Alexei"]
[Result "0-1"]
[WhiteElo "2214"]
[BlackElo "2048"]
[WhiteFideId "24112178"]
[BlackFideId "24128546"]
[EventDate "2011.10.14"]

1. e4 e6 2. d4 d5 3. Nc3 dxe4 4. Nxe4 Nd7 5. Nf3 Ngf6 6. Nxf6+ Nxf6 7. Ne5 c5 8.
Bb5+ Bd7 9. Nxd7 Nxd7 10. O-O a6 11. Be2 Be7 12. d5 e5 13. d6 Bf6 14. Qd5 Rb8
15. Be3 O-O 16. c3 b6 17. Bxa6 b5 18. c4 bxc4 19. Bxc4 Nb6 20. Qxc5 Nxc4 21.
Qxc4 Qxd6 22. Rfd1 Qe7 23. Rac1 Qb7 24. b4 h5 25. Qc6 Qxc6 26. Rxc6 Rxb4 27.
Rxf6 gxf6 28. Bc5 Ra4 29. Bxf8 Kxf8 30. Rd2 Ke7 31. Kf1 Ke6 32. Ke2 f5 33. Kd3
f4 34. f3 f5 35. g3 e4+ 36. Ke2 Ke5 37. gxf4+ Kxf4 38. fxe4 fxe4 39. Rb2 Ra3 40.
Ke1 h4 41. Rf2+ Kg4 42. Re2 e3 43. Rb2 Kf3 44. h3 Rc3 45. Kd1 Rc5 46. a4 Rg5 47.
Re2 Rd5+ 48. Ke1 Rg5 49. Kd1 Rg1+ 50. Re1 Rg2 51. Rf1+ Rf2 52. Rg1 e2+ 53. Ke1
Ke3 54. a5 Rf4 55. a6 Rd4 0-1

[Event "Chigorin Memorial Open"]
[Site "St Petersburg RUS"]
[Date "2011.10.21"]
[Round "8.89"]
[White "Ivanov, Rostislav"]
[Black "Trapeznikova, Darya"]
[Result "1/2-1/2"]
[WhiteTitle "FM"]
[WhiteElo "2202"]
[BlackElo "2024"]
[WhiteFideId "4160495"]
[BlackFideId "24121118"]
[EventDate "2011.10.14"]

1. e4 e6 2. d4 d5 3. Nc3 Bb4 4. e5 Ne7 5. a3 Bxc3+ 6. bxc3 c5 7. Qg4 Kf8 8. Qd1
Nbc6 9. Nf3 Qa5 10. Bd2 Qa4 11. Qb1 a6 12. Qb3 Qxb3 13. cxb3 cxd4 14. cxd4 Nf5
15. Bc3 f6 16. Bd3 Nfe7 17. O-O fxe5 18. dxe5 Bd7 19. Rac1 g6 20. Rfe1 Kg7 21.
h3 Rhf8 22. b4 Na7 23. Bd4 Nac6 24. Bc5 Rfe8 25. Nh2 h5 26. Nf3 Rac8 27. Rc2 Nf5
28. g3 Nb8 29. Rec1 Ba4 30. Rc3 Bb5 31. Bxb5 axb5 32. Kg2 Nc6 33. g4 hxg4 34.
hxg4 Nh6 35. Bd6 Nf7 36. Nd4 Nxd6 37. exd6 Rcd8 38. Nxc6 bxc6 39. Rxc6 e5 40.
R1c5 d4 41. Rd5 Kf6 42. Kf3 Re6 43. Ke4 g5 44. Rb6 Rd7 45. Ra6 Rd8 46. a4 bxa4
47. b5 a3 48. b6 Rexd6 49. Rxd6+ Rxd6 50. b7 Rxa6 51. b8=Q a2 52. Qxe5+ Kg6 53.
Qe8+ Kg7 54. Qe7+ Kg6 55. Qe8+ Kg7 56. Qd7+ Kg6 57. Qf5+ Kh6 58. Qf8+ Kg6 59.
Qg8+ Kf6 60. Qh8+ Kf7 61. Qh7+ Ke8 62. Qg8+ Kd7 63. Qd5+ Kc8 64. Qc5+ Kb7 65.
Qd5+ Kc8 66. Qg8+ Kb7 67. Qb3+ Ka8 68. Qd5+ Kb8 69. Qd8+ Kb7 70. Qd7+ Ka8 71.
Qc8+ Ka7 72. Qc7+ Ka8 73. Qd8+ Kb7 74. Qd7+ 1/2-1/2

[Event "Chigorin Memorial Open"]
[Site "St Petersburg RUS"]
[Date "2011.10.21"]
[Round "8.90"]
[White "Zheleznaykov, Peter"]
[Black "Zizlova, Sofia"]
[Result "1-0"]
[WhiteElo "1955"]
[BlackElo "2199"]
[WhiteFideId "24104620"]
[BlackFideId "4123476"]
[EventDate "2011.10.14"]

1. d4 Nf6 2. c4 c5 3. d5 e6 4. Nc3 exd5 5. cxd5 d6 6. e4 g6 7. Bd3 Bg7 8. Nf3
O-O 9. O-O Bg4 10. h3 Bxf3 11. Qxf3 a6 12. a4 Nbd7 13. Bf4 Qc7 14. Qe2 Rfe8 15.
Rfe1 Ne5 16. Qd2 Nxd3 17. Qxd3 Nd7 18. Qc2 Rab8 19. a5 b5 20. axb6 Rxb6 21. Na4
Rb7 22. Re2 Reb8 23. Ra2 Ne5 24. Bd2 c4 25. Bc3 Rb3 26. Qd2 Nd3 27. Bxg7 Kxg7
28. Kh2 R8b4 29. Qe3 Kg8 30. Qg5 Qd7 31. Nc3 Nxb2 32. Rxa6 Rxc3 33. Ra8+ Kg7 34.
Rd8 Qc7 35. e5 dxe5 36. d6 Qa5 37. Rxe5 h6 38. Qe7 Qxd8 39. Qxd8 1-0

[Event "Chigorin Memorial Open"]
[Site "St Petersburg RUS"]
[Date "2011.10.21"]
[Round "8.91"]
[White "Kanakin, Konstantin"]
[Black "Kobzar, Alexandr"]
[Result "1-0"]
[WhiteElo "1944"]
[BlackElo "2197"]
[WhiteFideId "4186699"]
[BlackFideId "14113660"]
[EventDate "2011.10.14"]

1. d4 Nf6 2. c4 g6 3. Nc3 Bg7 4. e4 d6 5. f4 O-O 6. Nf3 c5 7. d5 e6 8. dxe6 fxe6
9. Be2 Nh5 10. g3 Nc6 11. Nb5 d5 12. e5 Bh6 13. Nd6 Ne7 14. O-O Ng7 15. cxd5
exd5 16. Nh4 Bh3 17. Rf2 Ne6 18. Bg4 Bxg4 19. Qxg4 Nd4 20. Be3 Bg7 21. Bxd4 cxd4
22. Qe6+ Kh8 23. Rd1 Qc7 24. Rxd4 Nc8 25. Qxd5 Nxd6 26. Qxd6 Qa5 27. Qd5 Qb6 28.
Nf3 Rfd8 29. Qe4 Bf8 30. Rxd8 Rxd8 31. Kg2 Bc5 32. Rc2 Qb5 33. Qc4 Qc6 34. b4 1-0

[Event "Chigorin Memorial Open"]
[Site "St Petersburg RUS"]
[Date "2011.10.21"]
[Round "8.92"]
[White "Shaydullina, Sandugach"]
[Black "Kharchenko, Daniil"]
[Result "1-0"]
[WhiteTitle "WGM"]
[WhiteElo "2191"]
[BlackElo "2016"]
[WhiteFideId "4140389"]
[BlackFideId "24101664"]
[EventDate "2011.10.14"]

1. d4 d5 2. Nf3 Nf6 3. c4 c6 4. Qb3 dxc4 5. Qxc4 Bf5 6. g3 e6 7. Bg2 Nbd7 8. O-O
Be7 9. e3 O-O 10. Qe2 Qa5 11. Nfd2 e5 12. e4 Bg4 13. f3 Be6 14. dxe5 Nxe5 15.
Nc3 Bb4 16. f4 Bg4 17. Nf3 Nxf3+ 18. Bxf3 Bxf3 19. Rxf3 Rfe8 20. e5 Bxc3 21.
bxc3 Rad8 22. Bb2 Nd7 23. Re3 Nc5 24. f5 Na4 25. Rb1 Qc5 26. Kg2 Qd5+ 27. Kh3
Qxa2 28. Qc2 Nb6 29. Ra1 Qc4 30. Re4 Qc5 31. c4 Nc8 32. f6 b5 33. Rh4 g6 34. Qc1
Qf8 35. Ba3 b4 36. Bxb4 Rd1 37. Qg5 h6 38. Rxh6 Rxe5 39. Rxg6+ 1-0

[Event "Chigorin Memorial Open"]
[Site "St Petersburg RUS"]
[Date "2011.10.21"]
[Round "8.94"]
[White "Andreeva, Yulia"]
[Black "Butuc, Maria"]
[Result "1/2-1/2"]
[BlackTitle "WIM"]
[WhiteElo "1940"]
[BlackElo "2183"]
[WhiteFideId "4108302"]
[BlackFideId "13902911"]
[EventDate "2011.10.14"]

1. e4 c6 2. d4 d5 3. Nc3 dxe4 4. Nxe4 Nd7 5. Ng5 Ngf6 6. Bc4 e6 7. Ne2 h6 8. Nf3
Bd6 9. O-O Qc7 10. h3 O-O 11. Be3 Nd5 12. Bd2 c5 13. Bxd5 exd5 14. Nc3 Qc6 15.
dxc5 Bxc5 16. Bf4 Nb6 17. Nd4 Qf6 18. Nce2 Re8 19. Bg3 Bd7 20. Nb3 Bf8 21. c3 a5
22. Nf4 a4 23. Nd4 g6 24. Qd3 h5 25. Nb5 h4 26. Bh2 Rac8 27. b3 axb3 28. axb3
Rc5 29. Nd4 Rec8 30. Nfe2 Bg7 31. Ra7 Rxc3 32. Nxc3 Qxd4 33. Qxd4 Bxd4 34. Ne2
Bc5 35. b4 Bxb4 36. Rxb7 Bc5 37. Rd1 Bc6 38. Rc7 Rxc7 39. Bxc7 Ba4 40. Rb1 Nc4
41. Bd8 Kg7 42. Bxh4 Nd2 43. Ra1 Bb3 44. Bg3 Bc4 45. Be5+ f6 46. Bd4 Nb3 47.
Bxc5 Nxa1 48. Nd4 Nb3 49. Nxb3 Bxb3 50. Kf1 Bc4+ 51. Ke1 Kf7 52. h4 Ke6 53. Kd2
Ke5 54. Ke3 Bf1 55. g3 Bh3 56. Bd4+ Ke6 57. Kf4 Bf5 58. Ke3 Bh3 59. Kf4 Bf5 1/2-1/2

[Event "Chigorin Memorial Open"]
[Site "St Petersburg RUS"]
[Date "2011.10.21"]
[Round "8.95"]
[White "Pimenov, Revolt"]
[Black "Lisitsin, Boris"]
[Result "1-0"]
[WhiteElo "2179"]
[BlackElo "1977"]
[WhiteFideId "4146590"]
[BlackFideId "4139313"]
[EventDate "2011.10.14"]

1. Nf3 c5 2. g3 Nc6 3. Bg2 g6 4. c4 Bg7 5. Nc3 d6 6. O-O Nh6 7. h3 Nf5 8. d3 h5
9. Bg5 f6 10. Bd2 Be6 11. a3 Qd7 12. Kh2 Bh6 13. Rb1 Bxd2 14. Qxd2 Ncd4 15. Nxd4
cxd4 16. Nd1 d5 17. c5 Qb5 18. b4 Kf7 19. e4 dxe3 20. Nxe3 d4 21. Nd5 Bxd5 22.
Bxd5+ e6 23. Bc4 Qc6 24. Rbe1 Rae8 25. Qa2 Ng7 26. Re4 f5 27. Rxd4 Rd8 28. Rxd8
Rxd8 29. f4 h4 30. g4 Rd4 31. Qf2 Qd7 32. Qxh4 Qa4 33. Qf2 Rd8 34. Qg2 Rd7 35.
Rg1 Qxa3 36. gxf5 gxf5 37. Qxg7+ 1-0

[Event "Chigorin Memorial Open"]
[Site "St Petersburg RUS"]
[Date "2011.10.21"]
[Round "8.96"]
[White "Safronov, Kirill"]
[Black "Polonovsky, Evgeny"]
[Result "0-1"]
[WhiteElo "1932"]
[BlackElo "2172"]
[WhiteFideId "24141976"]
[BlackFideId "4144813"]
[EventDate "2011.10.14"]

1. e4 c5 2. Nf3 d6 3. d4 cxd4 4. Nxd4 Nf6 5. Nc3 a6 6. Bc4 e6 7. Bb3 b5 8. O-O
Qc7 9. a3 Be7 10. Be3 O-O 11. f4 Bb7 12. f5 e5 13. Nde2 Nbd7 14. Nd5 Bxd5 15.
Bxd5 Nxd5 16. exd5 Nf6 17. Nc3 Qc4 18. h3 Rac8 19. Rc1 Bd8 20. Bd2 Nxd5 21. Nxd5
Qxd5 22. Bb4 Bb6+ 23. Kh1 Qxd1 24. Rcxd1 Bc5 25. Bxc5 Rxc5 26. c3 d5 27. Rd2 Rd8
28. Rfd1 h5 29. g3 f6 30. Kg2 d4 31. cxd4 Rxd4 32. Rxd4 exd4 33. Rd2 d3 34. Rxd3
Rc2+ 35. Kf3 Rxb2 36. h4 a5 37. Ke4 a4 38. Kd5 Rb3 39. Kd4 b4 40. axb4 Rxb4+ 41.
Kc5 Rb3 42. Rd4 a3 43. Kd6 Rxg3 44. Ra4 Re3 45. Ra8+ Kh7 46. Ra4 Re5 47. Rxa3
Rxf5 48. Ke6 Rf4 49. Rh3 Kg6 50. Rg3+ Rg4 51. Rh3 Re4+ 52. Kd5 Kf5 53. Rf3+ Rf4
54. Rg3 g5 55. hxg5 fxg5 0-1

[Event "Chigorin Memorial Open"]
[Site "St Petersburg RUS"]
[Date "2011.10.21"]
[Round "8.97"]
[White "Solovjov, Sergey I."]
[Black "Bondarenko, Dmitry"]
[Result "0-1"]
[WhiteTitle "IM"]
[WhiteElo "2398"]
[BlackElo "1894"]
[WhiteFideId "4122780"]
[BlackFideId "34105708"]
[EventDate "2011.10.14"]

1. e4 c6 2. d4 d5 3. f3 e6 4. Nc3 Nd7 5. Be3 Bb4 6. a3 Bd6 7. e5 Bf8 8. f4 Ne7
9. Nf3 Nf5 10. Bf2 c5 11. Qd2 c4 12. g4 Nh6 13. Rg1 g6 14. O-O-O a6 15. Be3 Ng8
16. f5 Nb6 17. Ng5 Qc7 18. Bg2 h6 19. Nxf7 Qxf7 20. f6 g5 21. Rgf1 Bd7 22. Na2
O-O-O 23. Qa5 Na8 24. Nb4 Bxb4 25. Qxb4 h5 26. h4 Nh6 27. hxg5 Nxg4 28. Bf4 Be8
29. Rf3 Qc7 30. b3 a5 31. Qd2 b5 32. Bg3 Kb7 33. Rdf1 Rh7 34. Be1 Nh2 35. f7
Bxf7 36. Qxa5 Nxf3 37. Qxb5+ Qb6 38. Qxb6+ Nxb6 39. Rxf3 Bg6 40. Rf6 Bf5 41. a4
cxb3 42. a5 Rc8 43. c3 Nc4 44. Rxf5 exf5 45. Bxd5+ Ka6 46. Be6 Rc6 47. Bd5 Rb7
48. Kb1 b2 0-1

[Event "Chigorin Memorial Open"]
[Site "St Petersburg RUS"]
[Date "2011.10.21"]
[Round "8.98"]
[White "Kopasov, Evgeny"]
[Black "Pasiev, Rakhim"]
[Result "0-1"]
[BlackTitle "FM"]
[WhiteElo "2059"]
[BlackElo "2306"]
[WhiteFideId "4181239"]
[BlackFideId "24122475"]
[EventDate "2011.10.14"]

1. d4 d5 2. c4 e6 3. Nc3 c6 4. Bf4 Nf6 5. e3 Nbd7 6. cxd5 Nxd5 7. Nxd5 exd5 8.
Nf3 Qa5+ 9. Nd2 Nf6 10. Bd3 Ne4 11. a3 Bf5 12. b4 Qd8 13. Qc2 Nxd2 14. Bxf5 Nc4
15. O-O Bd6 16. Bxd6 Nxd6 17. Bd3 g6 18. e4 dxe4 19. Bxe4 O-O 20. Rfd1 Rc8 21.
Bf3 Re8 22. Qb3 Qf6 23. Rac1 Nf5 24. d5 Nd4 25. Qc3 cxd5 26. Qxc8 Nxf3+ 27. gxf3
Rxc8 28. Rxc8+ Kg7 29. Rxd5 Qxf3 30. Rdd8 Qxa3 31. Rc7 Qxb4 32. Rdd7 Qb1+ 33.
Kg2 Qe4+ 34. Kg1 Qg4+ 35. Kf1 Qf3 36. Rxb7 a5 37. Ra7 a4 38. Rd4 Qh1+ 39. Ke2
Qxh2 40. Raxa4 Qh5+ 41. Ke1 Qe5+ 42. Re4 Qc3+ 43. Kf1 h5 44. Kg2 g5 45. Rec4 Qd3
46. Rd4 Qf5 47. Rab4 g4 48. Rf4 Qd5+ 49. Kh2 f5 50. Rfd4 Qe5+ 51. Kg1 Kg6 52.
Rb6+ Kg5 53. Rbd6 h4 54. Kf1 h3 55. Rd8 Qb5+ 56. Ke1 Qb1+ 57. Ke2 Qb2+ 58. Kf1
Qa1+ 59. Ke2 h2 60. Rg8+ Kf6 0-1

[Event "Chigorin Memorial Open"]
[Site "St Petersburg RUS"]
[Date "2011.10.21"]
[Round "8.100"]
[White "Aminov, Andrey"]
[Black "Martynov, Pavel2"]
[Result "0-1"]
[WhiteElo "2029"]
[BlackElo "2223"]
[WhiteFideId "24162728"]
[BlackFideId "4122186"]
[EventDate "2011.10.14"]

1. e4 c5 2. Nf3 a6 3. c4 e6 4. Nc3 Qc7 5. Be2 d6 6. d4 cxd4 7. Nxd4 Nf6 8. O-O
Be7 9. Be3 b6 10. Qd2 Bb7 11. f3 Nbd7 12. Rfd1 O-O 13. Rac1 Rac8 14. Bf1 Qb8 15.
Qf2 Bd8 16. Kh1 Re8 17. b4 Bc7 18. Qg1 h5 19. Nb3 h4 20. c5 bxc5 21. bxc5 dxc5
22. Na4 c4 23. Bxc4 Ne5 24. Be2 Ng6 25. Nbc5 Nh5 26. Bf2 Bg3 27. Rb1 Qe5 28.
Rxb7 Qg5 29. Bxa6 Ngf4 30. Be3 Red8 31. Rbb1 Rb8 32. Rxb8 Rxb8 33. Bf1 e5 34.
Nc3 Rb2 35. Nd3 Bxh2 36. Kxh2 h3 37. Rd2 hxg2 38. Qf2 g1=Q+ 39. Qxg1 Qh4+ 0-1

[Event "Chigorin Memorial Open"]
[Site "St Petersburg RUS"]
[Date "2011.10.21"]
[Round "8.102"]
[White "Lysenko, Maria"]
[Black "Nikitinyh, Boris"]
[Result "1/2-1/2"]
[WhiteElo "2019"]
[BlackElo "2203"]
[WhiteFideId "24122084"]
[BlackFideId "4198328"]
[EventDate "2011.10.14"]

1. d4 Nf6 2. Nf3 d6 3. c4 Nc6 4. Nc3 e5 5. d5 Ne7 6. e4 Ng6 7. Be2 Be7 8. O-O
O-O 9. Ne1 Bd7 10. Nd3 h6 11. Be3 a6 12. c5 c6 13. cxd6 Bxd6 14. Nc5 cxd5 15.
Nxb7 Qb8 16. Nxd6 Qxd6 17. exd5 Rfd8 18. Bc4 e4 19. Qd4 Ng4 20. g3 f5 21. Qc5
Qf6 22. Qb6 Qf7 23. Be2 f4 24. Bxg4 Bxg4 25. Bxf4 Nxf4 26. gxf4 Re8 27. Qe3 Bf3
28. Rfc1 Rab8 29. b3 Qf6 30. Kf1 Rb4 31. Ne2 Qf5 32. Ng1 Rbb8 33. Rc3 Bh5 34.
Rc5 Rbd8 35. d6 Qf6 36. Qc3 Qxc3 37. Rxc3 Rxd6 38. Re1 Rf6 39. Ne2 Bg4 40. Re3
Bd7 41. Nc3 Rxf4 42. Nxe4 Ref8 43. Kg2 Bg4 44. Kg3 Bf3 45. Nd2 Bc6 46. f3 h5 47.
Rc1 h4+ 48. Kg2 Rd4 49. Rxc6 Rxd2+ 50. Kh3 Rxa2 51. Kxh4 Rxh2+ 52. Kg3 Ra2 53.
Re7 Ra1 54. Kf2 Kh7 55. Ra7 a5 56. Rcc7 Rg8 57. Rcb7 Kh6 58. Rb5 Rc8 59. Raxa5
Rc2+ 60. Kg3 Rg1+ 61. Kf4 Rh2 62. Ra6+ g6 63. Rb8 Rh4+ 64. Ke3 Re1+ 65. Kf2 Rhh1
66. Rh8+ Kg5 67. Ra5+ Kf6 68. Rxh1 Rxh1 69. Rb5 Rc1 70. Ke3 g5 71. Ke4 Re1+ 72.
Kd4 Rf1 73. Rb8 Ke6 74. Ke3 Rb1 75. b4 Re1+ 76. Kf2 Rb1 77. b5 Kd6 78. b6 Rb5
79. Kg3 Kc6 80. Kg4 Rd5 81. Rg8 Kxb6 82. Rxg5 Rd4+ 83. Kf5 Kc7 84. Ke5 Rd3 85.
Rg7+ Kd8 86. f4 Ke8 87. Ke6 Kf8 88. Ra7 Rb3 89. Kf6 Rb6+ 90. Kg5 Rc6 91. f5 Rb6 1/2-1/2